000 00683nam a2200205Ii 4500
003 JO-AjNU
008 230605s9999||||xx |||||||||||||| ||und||
017 _a1973/5297
040 _aJO-AjNU
_bara
_erda
_cJO-AjNU
041 _aara
050 1 4 _aBP190.5.R4.M3433 1973
100 3 _aمحمود،عبد الحليم,
_eauthor
_918126
245 0 0 _aالتوحيد الخالص أو الإسلام والعقل
264 3 1 _aعابدين: دار الكتب الحديثة، 1973
300 _a254ص
336 _atext
_btxt
_2rdacontent
337 _aunmediated
_bn
_2rdamedia
338 _avolume
_bnc
_2rdacarrier
650 4 _aعلم الكلام - الاسلام والعقل
_918127
999 _aA5738
_c9306
_d9306